000 00385nam a2200145Ia 4500
008 231129s1992||||xx |||||||||||||| ||spa||
020 _a84-413-0630-3
040 _bspa
082 _aU813.5 E21s
100 _aEddings David
245 0 _aEl seƱor de los demnonios \ David Eddings
260 _c1992
264 _aTimun Mas
942 _2ddc
_cBKS
999 _c12404
_d12404